| 000 | 00555nam a22001937a 4500 | ||
|---|---|---|---|
| 005 | 20180326120424.0 | ||
| 010 | _aENG-122396 | ||
| 020 |
_c200.00 _a9788184305210 |
||
| 035 | _aEN-105928 | ||
| 037 | _bDBAD/PUB | ||
| 082 | _a881 | ||
| 100 | _aParmar, Sweta ''Nicky | ||
| 245 |
_aThe glistening soul / _cby Sweta Parmar 'Nicky' |
||
| 260 |
_aNew Delhi _bOcean Books Pvt. Ltd. _c2017 |
||
| 270 |
_bNew Delhi _e110002 _a4/19, Asaf Ali Road, |
||
| 300 |
_a110p. _c22cm.(Hb) _bill. |
||
| 650 | _aPoetory | ||
| 942 |
_2ddc _cEN _mPAR _h881 |
||
| 999 |
_c150536 _d150536 |
||